| 000 | 00974nam a22002657a 4500 | ||
|---|---|---|---|
| 003 | URS | ||
| 005 | 20260224080402.0 | ||
| 008 | 260224b |||||||| |||| 00| 0 eng d | ||
| 020 | _a9789719655862 | ||
| 040 |
_aDLC _beng _cDLC _dURS _erda |
||
| 050 |
_aG 155.A1 _bB8621 2024 |
||
| 100 | _aBuenaventura, John Paul | ||
| 245 |
_aStrategic management in Tourism and Hospitality industry/ _cJohn Paul Buenaventura and Liberty Buenaventura-Gutierrez.- |
||
| 264 |
_aIntramuros, Manila: _bMindshapers Co., Inc., _cc2024 |
||
| 300 |
_ax, _b158 pages :illustrations (black and white) ; _c26 centimeters. |
||
| 336 |
_2rdacontent _atext _btxt |
||
| 337 |
_2rdamedia _aunmediated _bn |
||
| 338 |
_2rdacarrier _avolume _bnc |
||
| 504 | _aIncludes references. | ||
| 546 | _aIn English text. | ||
| 650 | _2Tourism - Management- Philippines | ||
| 650 | _2Hospitality Industry | ||
| 700 | _aGutierrez, Liberty Buenaventura | ||
| 942 |
_2lcc _cF _hG 155.A1 _iB8621 2024 |
||
| 999 |
_c98807 _d98804 |
||